Nai kahani : pratinidhi hastakchar (Record no. 30258)

000 -LEADER
fixed length control field 00469nam a22001691a 4500
020 ## - INTERNATIONAL STANDARD BOOK NUMBER
Terms of availability 0.00
040 ## - CATALOGING SOURCE
Original cataloging agency SSUS - Library - Kalady
082 ## - DEWEY DECIMAL CLASSIFICATION NUMBER
Classification number H301 009 VED NAI
Item number M88
100 ## - MAIN ENTRY--PERSONAL NAME
Personal name Vedprakash Amitabh
245 ## - TITLE STATEMENT
Title Nai kahani : pratinidhi hastakchar
Medium [Text]
260 ## - PUBLICATION, DISTRIBUTION, ETC.
Place of publication, distribution, etc. Mathura
Name of publisher, distributor, etc. Jawahar Pustakalaya
Date of publication, distribution, etc. 1988
300 ## - PHYSICAL DESCRIPTION
Extent 136p.
600 ## - SUBJECT ADDED ENTRY--PERSONAL NAME
Personal name Stories Hindi Criticism
700 ## - ADDED ENTRY--PERSONAL NAME
Personal name Ranjana Sharma
852 ## - LOCATION
-- 50.00
--
942 ## - ADDED ENTRY ELEMENTS (KOHA)
Koha item type Book
Holdings
Withdrawn status Lost status Damaged status Not for loan Permanent Location Current Location Date acquired Cost, normal purchase price Total Checkouts Full call number Barcode Date last seen Cost, replacement price Price effective from Koha item type
Write off     Not For Loan Sree Sankaracharya University of Sanskrit Sree Sankaracharya University of Sanskrit 08.01.2015 50.00   H301 009 VED NAI M88 041826 08.01.2015 0.00 08.01.2015 Book